000 01506nam a2200373Ia 4500
001 ebr10278097
003 CaPaEBR
006 m u
007 cr cn|||||||||
008 960416s1997 nyua sb 001 0 eng d
010 _z 96018432
020 _z9780195080551
020 _z0195080548 (acid-free paper)
020 _z0195080556 (pbk. : acid-free paper)
040 _aCaPaEBR
_cCaPaEBR
035 _a(OCoLC)76869355
050 1 4 _aPC119
_b.Z36 1997eb
082 0 4 _a440
_220
100 1 _aZanuttini, Raffaella.
245 1 0 _aNegation and clausal structure
_h[electronic resource] :
_ba comparative study of Romance languages /
_cRaffaella Zanuttini.
260 _aNew York :
_bOxford University Press,
_c1997.
300 _axiv, 201 p. :
_bill.
490 1 _aOxford studies in comparative syntax
504 _aIncludes bibliographical references (p. 185-194) and index.
533 _aElectronic reproduction.
_bPalo Alto, Calif. :
_cebrary,
_d2011.
_nAvailable via World Wide Web.
_nAccess may be limited to ebrary affiliated libraries.
650 0 _aRomance languages
_xNegatives.
650 0 _aRomance languages
_xGrammar, Comparative.
650 0 _aRomance languages
_xClauses.
650 0 _aItalian language
_xDialects.
655 7 _aElectronic books.
_2local
710 2 _aebrary, Inc.
830 0 _aOxford studies in comparative syntax.
856 4 0 _uhttp://site.ebrary.com/lib/rucke/Doc?id=10278097
_zAn electronic book accessible through the World Wide Web; click to view
999 _c4189
_d4189